| 000 | 00638nam a2200133 a 4500 | ||
|---|---|---|---|
| 008 | 130122s2012 ||||||||||||||||| || u | ||
| 050 | _aUN-ECE(02)2012/11 | ||
| 110 | _aUnited Nations Economic Commission for Europe (UNECE) | ||
| 245 | 1 | 0 |
_aSimplified resource manual to support application of protocol on strategic environmental assessment _cby United Nations Economic Commission for Europe [UNECE] |
| 260 |
_aNew York: _c2012 |
||
| 300 | _aiv, 20p.: ill. | ||
| 650 | _aENVIRONMENTAL ASSESSMENT | ||
| 995 |
_FCBU-MAIN LIBRARY (Kitwe) _M1 _UAVAILABLE _WJan 22, 2013 _ZInternational Publications |
||
| 999 |
_c57485 _d57485 |
||